Markets (Record no. 84307)

MARC details
000 -LEADER
fixed length control field 00893cab a22001935a 4500
001 - CONTROL NUMBER
control field L157233
008 - FIXED-LENGTH DATA ELEMENTS--GENERAL INFORMATION
fixed length control field 121002e2012 xxk 000 0 eng d
035 ## - SYSTEM CONTROL NUMBER
System control number (Sirsi) u157233
041 0# - LANGUAGE CODE
Language code of text/sound track or separate title eng
100 1# - MAIN ENTRY--PERSONAL NAME
Personal name Unger, Paul
245 00 - TITLE STATEMENT
Title Markets
Remainder of title North-east
260 ## - PUBLICATION, DISTRIBUTION, ETC.
Date of publication, distribution, etc. 2012
490 #0 - SERIES STATEMENT
Series statement Property Week
Volume/sequential designation 78(39) 28 September 2012, 47-54(4)
520 ## - SUMMARY, ETC.
Summary, etc. Overview of the latest commercial property activity in the region: developer Silverlink hopes to conclude a forward-funding deal at its Stephenson Quarter development in central Newcastle; UK Land Estates and Highcross celebrate the first year of their joint venture with void rates declining at their Team Valley Trading Estate; and the planning process for a biomass hub at Port of Blyth has moved on with a decision expected in mid-2013.
590 ## - LOCAL NOTE (RLIN)
Local note KA
651 #4 - SUBJECT ADDED ENTRY--GEOGRAPHIC NAME
Geographic name England
690 ## - LOCAL SUBJECT ADDED ENTRY--TOPICAL TERM (OCLC, RLIN)
Topical term or geographic name as entry element Commercial property
9 (RLIN) 6227
942 ## - ADDED ENTRY ELEMENTS (KOHA)
Suppress in OPAC 0
Holdings
Withdrawn status Lost status Source of classification or shelving scheme Damaged status Not for loan Home library Current library Shelving location Date acquired Total Checkouts Full call number Barcode Date last seen Copy number Price effective from Koha item type
    Dewey Decimal Classification     London London Journal article 02/10/2012   L157233 157233-1001 06/08/2019 1 06/08/2019 Journal article